Hard Times - Paramore - Statistics

General Stats
  • This quiz has been taken 92 times
  • The average score is 280 of 349
Answer Stats
Hint Answer % Correct
Chorus | Outro Hard
100%
hard
100%
(Hard
100%
times
100%
times)
100%
a
96%
You
94%
you
94%
cry
93%
I
93%
make
93%
go?
91%
when
91%
When
91%
even
89%
gonna
89%
Gonna
89%
try
87%
and
85%
And
85%
do
85%
why
85%
wonder
85%
down
81%
survive
81%
the
81%
don't
80%
laugh
80%
to
80%
know
78%
how
76%
still
76%
Still
76%
want
76%
me
74%
These
74%
bottom
72%
hit
72%
it
72%
my
72%
Verse 1 All
70%
rock
70%
take
70%
that
70%
That
70%
ain't
69%
ground
69%
I'm
69%
Is
69%
Tell
69%
tell
69%
around
67%
die
67%
get
67%
Verse 2 Walking
67%
cloud
65%
head
65%
in
65%
little
65%
over
65%
up
65%
alright
63%
come
63%
fine
63%
lightning
63%
rain
63%
wake
63%
With
63%
with
63%
can
61%
Hangin'
61%
it's
61%
Where
59%
coming
57%
alive
56%
For
56%
hole
56%
friends
54%
out
54%
Maybe
52%
I'll
50%
kick
46%
lives
46%
of
46%
some
46%
We'll
46%
Give
44%
sort
44%
sign
41%
gotta
39%
Makes
19%
No matching quizzes found
Score Distribution
Percent of People with Each Score
Percentile by Number Answered
Your Score History
You have not taken this quiz